[Event "Iceland-ch 2020"]
[Site "Gardabaer"]
[Date "2020.08.22"]
[Round "1.1"]
[White "Thorfinnsson, Bragi"]
[Black "Gretarsson, Hjorvar Steinn"]
[Result "1/2-1/2"]
[WhiteElo "2427"]
[BlackElo "2579"]
[Annotator "TA"]
[PlyCount "115"]
[EventDate "2020.08.22"]
[EventCountry "ISL"]
[SourceTitle "playchess.com"]
[Source "ChessBase"]
[SourceQuality "1"]

{[%evp 9,115,0,11,-3,0,0,0,0,0,0,0,-8,0,0,53,41,101,56,95,68,86,16,21,16,24,11,24,14,46,34,55,9,4,0,0,-52,-54,-42,-64,-105,-100,-99,-102,-93,-57,-97,-93,-95,-82,-80,-86,-80,-29,-29,0,0,0,-2,-4,-16,0,0,0,0,0,0,0,0,0,0,45,0,0,0,0,0,0,0,0,0,0,0,0,-8,0,0,0,0,0,0,0,0,8,8,185,168,173,188,163,0,0,0,1116,0,0,0,641,0]} 1. e4 c5 2. Nc3 d6 3. d4 cxd4 4. Qxd4 Nc6 5. Qd2 Nf6 6. b3 {B23: Closed Sicilian: Lines without g3.} a6 7. Bb2 e6 8. O-O-O {The position is equal.} Be7 9. f3 b5 10. Kb1 Bb7 11. g4 h6 (11... Nd7 $11) 12. h4 $14 {[#]} Rc8 $146 ({Black should try} 12... Ne5 $14) ({Predecessor:} 12... Qc7 13. Bh3 g5 14. Nge2 Rg8 15. hxg5 hxg5 16. f4 gxf4 17. Qxf4 Ne5 18. g5 Nfd7 {1-0 (36) Lagarde,M (2655)-Galopoulos,N (2369) chess.com INT 2020}) 13. Rh3 Nd7 14. g5 Nc5 15. Nd5 (15. Nce2 $16) 15... exd5 $11 16. exd5 Ne5 {[%cal Bc6e5,Be5g4,Bg4f2][%mdl 32]} 17. f4 Ng4 $1 (17... Ne4 $6 18. Qe2 $16) 18. Bxg7 Rg8 $1 {[%cal Rg8g7]} 19. Bb2 {[%mdl 1024] White has compensation.} Qd7 ({Don't take} 19... hxg5 20. hxg5 Ne4 21. Qd4 $17) 20. Bg2 (20. Re1 $5 {[%cal Rh3g3]}) 20... Kd8 $1 21. Rc3 f5 22. Ne2 (22. Re1 $11) 22... Nf2 $15 23. Re1 Nfe4 24. Bxe4 Nxe4 ({Much weaker is} 24... fxe4 $6 25. Ng3 $14) 25. Rxc8+ Kxc8 26. Qd3 Bf8 27. c4 bxc4 28. bxc4 hxg5 29. hxg5 Bg7 30. Nd4 Bxd4 (30... Qa4 $17 {Threatens to win with ...Rh8.} 31. Rc1 Qb4) 31. Bxd4 $11 Qh7 32. Ka1 Kb8 33. Qb3 Qc7 {White must now prevent ...Nd2.} 34. Rc1 Kc8 35. Qb2 Qa5 36. Rb1 Qc7 37. Rc1 Nc5 38. Qe2 Kb8 {[#]} 39. g6 $1 {[%mdl 512]} Ne4 (39... Rxg6 40. Qe8+) 40. Rg1 (40. Qh5 $5 {[%cal Rh5f5]}) 40... a5 41. g7 Ka8 42. Rh1 Rxg7 {aiming for ...Rd7.} 43. Rh8+ Bc8 {[#]} 44. Rxc8+ $1 {[%mdl 512]} Qxc8 45. Bxg7 Qc5 46. Kb2 Qg1 47. Bh8 Kb7 48. Qc2 Nc5 49. Bc3 a4 50. Bb4 Qd4+ 51. Ka3 {next Qc3 is good for White.} Kb6 $2 (51... Qxf4 $11 52. Bxc5 dxc5) 52. Qc3 $18 Qxf4 53. Bxc5+ $1 dxc5 {KQ-KQ} 54. Qf6+ $2 (54. Kxa4 $18 Qd6 55. Qg7) 54... Ka7 $1 $11 55. Qe7+ Kb6 $2 {[%mdl 8192]} (55... Ka6 $11 56. Qf6+ (56. Qxc5 Qc1+ 57. Kxa4 Qc2+ 58. Ka3 Qc3+ 59. Ka4 Qc2+ {[%mdl 64] Double Attack} 60. Ka3 Qc3+ 61. Ka4 Qc2+ $11 {[%mdl 64] Double Attack}) 56... Ka7) 56. Qf6+ $2 (56. Qd8+ $18 Qc7 57. Qe8) 56... Ka7 $1 57. Qe7+ $2 {[%mdl 8192]} (57. Qg7+ $11 Ka6 58. Qf6+ Ka7) 57... Kb6 $18 {( -> ...Qc1+)} 58. Qf6+ $2 {Accuracy: White = 78%, Black = 77%.} ({White must play} 58. Qd8+ $18 Qc7 59. Qe8) 1/2-1/2

[Event "Iceland-ch 2020"]
[Site "Gardabaer"]
[Date "2020.08.22"]
[Round "1.2"]
[White "Jonsson, Gauti Pall"]
[Black "Gretarsson, Helgi Ass"]
[Result "1/2-1/2"]
[WhiteElo "2046"]
[BlackElo "2401"]
[Annotator "TA"]
[PlyCount "87"]
[EventDate "2020.08.22"]
[EventCountry "ISL"]
[SourceTitle "playchess.com"]
[Source "ChessBase"]
[SourceQuality "1"]

{[%evp 14,87,25,17,17,3,25,27,30,30,46,0,0,0,0,4,-3,-7,-8,-13,-29,-13,-23,-7,0,-10,0,0,0,0,0,0,15,18,13,18,22,18,27,-72,-58,-64,-71,-88,-90,-82,-82,-93,-82,-75,-61,-100,-77,-72,-73,-72,-55,-99,-99,-174,0,-67,0,0,0,0,212,0,0,0,0,0,0,0,0,0]} 1. d4 g6 2. e4 Bg7 3. Nf3 d6 4. Bc4 Nf6 5. Qe2 O-O 6. e5 dxe5 7. dxe5 Nd5 8. O-O Bg4 {B06: Modern Defence.} 9. Rd1 c6 10. Nbd2 $1 {[%cal Bb1d2,Bd2b3,Bb3d4][%mdl 32]} Nd7 {White has an edge.} 11. h3 Be6 12. Nb3 (12. Bxd5 $5 cxd5 13. Nb3 $11) 12... Qc7 {[%cal Rd7e5]} 13. Re1 b5 14. Bd3 Nb4 15. Bf4 Nxd3 16. Qxd3 Bd5 {[#]} 17. Nbd4 $146 ({Predecessor:} 17. Nbd2 Nc5 18. Qe3 Ne6 19. Bh6 c5 20. Bxg7 Kxg7 21. Ne4 h6 22. Ng3 Qc6 23. Nh4 {0-1 (73) Neiksans,A (2566)-Hjartarson,J (2530) Batumi 2018}) 17... Qb7 18. b3 Rad8 19. c4 bxc4 20. bxc4 Qa6 21. Qc2 Bxc4 22. Rac1 Bd3 23. Qxc6 Nb6 {[%cal Bd7b6,Bb6d5,Bd5c3][%mdl 32] And now ...Rc8 would win.} 24. Qc5 e6 25. Nc6 Rd7 26. Nfd4 (26. Ne7+ $11 Kh8 27. Bg5) 26... Nd5 $36 {[%mdl 2048] Black has good play.} (26... Qxa2 27. Nb4 $11) 27. Bg5 Rc8 28. Qa5 Qxa5 29. Nxa5 Rxc1 30. Bxc1 Nc3 31. Nac6 Nxa2 32. Bd2 Bf8 33. Ra1 Bc4 34. Rb1 {Strongly threatening Rb8!} Bc5 35. Rb8+ Kg7 36. Bg5 {[#]} (36. Be3 $17) 36... Bxd4 $2 (36... Nc3 $1 $19 37. Be3 Bb6) 37. Bf6+ $11 Kh6 {...Nc3 is the strong threat.} 38. g4 $1 Bxf2+ 39. Kxf2 g5 $2 {[#]} (39... Nc3 $11 {and Black stays safe.} 40. h4 Ne4+ 41. Ke3 Nc3) 40. Rg8 $2 ({Only move:} 40. Nb4 $1 $18 {White wants to mate with Rg8.} Nc3 41. Ke3 Nd1+ 42. Kf3) 40... Rd2+ {[#]The position is equal.} 41. Ke3 $1 {[%csl Gg8][%cal Rf6g5][%mdl 512]} Rd3+ {[#]} 42. Kf2 $1 {[%csl Gg8][%cal Rf6g5][%mdl 512]} Rd2+ {[#]} 43. Ke3 $1 {[%csl Gg8][%cal Rf6g5][%mdl 512]} Rd3+ {[#]} 44. Kf2 $1 {[%mdl 512] Accuracy: White = 71%, Black = 93%.} 1/2-1/2

[Event "Iceland-ch 2020"]
[Site "Gardabaer"]
[Date "2020.08.22"]
[Round "1.3"]
[White "Thorfinnsson, Bjorn"]
[Black "Petursson, Margeir"]
[Result "1-0"]
[WhiteElo "2387"]
[BlackElo "2475"]
[Annotator "TA"]
[PlyCount "75"]
[EventDate "2020.08.22"]
[EventCountry "ISL"]
[SourceTitle "playchess.com"]
[Source "ChessBase"]
[SourceQuality "1"]

{[%evp 11,75,0,8,-10,19,-28,-19,-45,-20,-20,-16,-167,-168,-218,-19,-15,-25,-59,-15,-27,0,-2,0,-18,-17,-14,-15,-19,-14,-11,-2,-11,-2,-12,0,-14,0,-20,-6,-10,-8,-7,-7,-12,-11,-7,-7,-8,-7,-21,-11,-20,0,-18,-8,-8,-8,-8,-5,-8,-9,-9,2331,2115,5189,5088]} 1. d4 Nf6 2. Nf3 e6 3. Bg5 c5 4. e3 d5 5. c3 Bd6 6. Nbd2 Nbd7 7. Qc2 {D03: 1 d4 d5 2 Nf3 Nf6 3 Bg5, including Torre Attack with early ...d5.} Qc7 8. Bd3 {[#]} b6 $146 ({Predecessor:} 8... c4 9. Be2 b5 10. e4 dxe4 11. Nxe4 Nxe4 12. Qxe4 Bb7 13. Qg4 Nf6 14. Bxf6 gxf6 {1-0 (43) Merlet,F (1482)-Camuzeaux,J (1579) Riscle 2017}) 9. Bh4 {The position is equal.} Bb7 10. Bg3 O-O 11. e4 $2 (11. Bxd6 $11 Qxd6 12. b3) 11... cxd4 $19 12. Nxd4 {[#] Strongly threatening Nb5.} a6 $2 ({Better is} 12... Bxg3 $1 $19 13. fxg3 dxe4) 13. exd5 $11 Bxd5 14. Ne4 Nxe4 15. Bxe4 Nf6 16. Bxd5 Nxd5 17. Rd1 Rfd8 18. O-O Rac8 19. Qe2 Bxg3 20. hxg3 Qc4 21. Qxc4 Rxc4 22. Rfe1 Kf8 23. Kf1 Ke7 24. Rd3 b5 25. Nf5+ Kf6 26. Ne3 Nxe3+ 27. Rexe3 Rxd3 28. Rxd3 {[%mdl 4096] Endgame KR-KR} Ke7 29. Ke2 h5 30. Kd2 Rg4 31. Ke2 f5 32. Kf1 g5 33. b3 h4 34. gxh4 Rxh4 35. Rh3 Rxh3 36. gxh3 {Hoping for f4!} Kd6 $2 {[%mdl 8192] [#]} (36... e5 $11) 37. f4 $1 $18 {[%cal Rf4g5][%mdl 512]} gxf4 38. h4 {What a bad dream for Black. Accuracy: White = 78%, Black = 63%.} 1-0

[Event "Iceland-ch 2020"]
[Site "Gardabaer"]
[Date "2020.08.22"]
[Round "1.4"]
[White "Ragnarsson, Dagur"]
[Black "Thorhallsson, Throstur"]
[Result "1-0"]
[WhiteElo "2396"]
[BlackElo "2430"]
[Annotator "TA"]
[PlyCount "91"]
[EventDate "2020.08.22"]
[EventCountry "ISL"]
[SourceTitle "playchess.com"]
[Source "ChessBase"]
[SourceQuality "1"]

{[%evp 25,91,67,80,72,110,104,126,101,114,106,122,100,89,78,81,68,83,72,84,76,72,0,56,29,41,0,2,-50,45,-5,-5,-7,-7,-15,0,0,0,0,22,-25,29,31,37,-10,31,34,59,66,79,54,275,258,356,373,362,51,29981,29981,29980,29981,29980,29977,29964,6106,29988,29989,29992,29993]} 1. d4 Nf6 2. c4 e6 3. Nf3 c5 4. d5 exd5 5. cxd5 d6 6. e4 g6 7. Bd3 Bg7 8. h3 O-O 9. O-O Re8 10. Nc3 a6 11. a4 Nbd7 12. Bf4 Qc7 13. Re1 Rb8 14. Bc4 {A70: Modern Benoni: 6 e4 g6 7 Nf3.} Nb6 15. Bf1 Nfd7 {[#]} 16. Bh2 $146 {White is better.} ({Predecessor:} 16. Rc1 Ne5 17. Nxe5 Bxe5 18. Bxe5 dxe5 19. Qd2 Nd7 20. d6 Qa5 21. Red1 Kg7 22. Qe3 {1-0 (42) Khalifman,A (2667)-Polgar,J (2656) Hoogeveen 2000}) 16... f6 17. Nd2 Ne5 18. f4 Nf7 19. Kh1 Bd7 20. Qc2 Re7 21. Nf3 Rbe8 22. Rad1 Nc8 23. Qb3 ({White should try} 23. Bg3 $16) 23... Na7 ({Better is} 23... Qb6 $11 24. Qc2 Qb4) 24. g4 b5 25. axb5 axb5 26. Qc2 ({Don't blunder} 26. Bxb5 $2 Rb8 $19) (26. Nd2 $11) 26... Qb7 (26... b4 $15 27. Nb1 {[#]} b3 $1 {[%mdl 512]} 28. Qxb3 Rxe4) 27. b3 b4 28. Nb1 $1 Nb5 29. Bc4 Qc8 30. Qd3 Qb7 31. Rd2 Kh8 32. Ra2 Nc7 (32... f5 $142 33. gxf5 gxf5) 33. Rae2 Bb5 34. Kg1 Qa6 35. Nbd2 Qb7 36. e5 fxe5 37. fxe5 Nxe5 $2 ({Black should play} 37... dxe5 $14 38. Ne4 Qb6) 38. Nxe5 dxe5 39. d6 e4 40. Rxe4 $2 ({White has to play} 40. Nxe4 $18 Bd4+ 41. Kg2 Rxe4 42. Rxe4 Bxc4 43. bxc4) 40... Bd4+ $2 {[%mdl 8192] [#]} (40... Bxc4 $14 41. Qxc4 Rxe4 42. Rxe4 Rxe4 43. Qxe4 Qxe4 44. Nxe4 Ne6) 41. Qxd4+ $1 {[%mdl 512]} cxd4 42. Rxe7 Rxe7 43. Rxe7 {[%cal Rh2e5][%mdl 64] Pin} Bxc4 44. Nxc4 Qf3 45. dxc7 Qd1+ 46. Kf2 {Accuracy: White = 64%, Black = 53%.} 1-0

[Event "Iceland-ch 2020"]
[Site "Gardabaer"]
[Date "2020.08.22"]
[Round "1.5"]
[White "Kjartansson, Gudmundur"]
[Black "Stefansson, Vignir Vatnar"]
[Result "1-0"]
[WhiteElo "2466"]
[BlackElo "2301"]
[Annotator "TA"]
[PlyCount "85"]
[EventDate "2020.08.22"]
[EventCountry "ISL"]
[SourceTitle "playchess.com"]
[Source "ChessBase"]
[SourceQuality "1"]

{[%evp 13,85,0,17,10,6,20,15,18,16,6,8,13,8,0,0,0,8,0,0,0,0,-7,-7,-39,0,-10,0,0,0,0,0,0,0,0,0,0,0,0,0,0,0,0,0,0,0,0,31,31,40,0,25,0,0,0,608,0,0,0,0,0,0,0,516,507,500,508,487,477,669,655,29980,29981,29995,29996]} 1. c4 Nf6 2. Nc3 e6 3. e4 d5 4. e5 d4 5. exf6 dxc3 6. bxc3 Qxf6 7. d4 b6 8. Be2 $1 {[%mdl 4] is currently scoring better than 8.Nf3. A18: English Opening: Flohr-Mikenas System (1 c4 Nf6 2 Nc3 e6 3 e4).} (8. Bd3 {is more complex.} Bb7 9. Nf3 h6 10. O-O Bd6 11. Nd2) 8... Bb7 9. Bf3 Bxf3 10. Nxf3 {The position is equal.} Bd6 11. Qa4+ c6 12. O-O O-O 13. Be3 {[#]} Qf5 $146 ({Predecessor:} 13... Qe7 14. Rab1 Nd7 15. Qxc6 Rfc8 16. Qa4 e5 17. c5 bxc5 18. Rb7 Rc7 19. Rxc7 Bxc7 {½-½ (75) Morozov,N (2467)-Batsuren,D (2352) Tarvisio 2017}) 14. Rfd1 Rc8 15. c5 bxc5 16. dxc5 Bxc5 17. Bxc5 Qxc5 18. Rab1 a5 19. Rb7 Na6 20. Qf4 Qf5 21. Qxf5 exf5 22. Ne5 f6 {Hoping for ...Nc5.} 23. Rdd7 fxe5 24. Rxg7+ {[%mdl 64] [#] Double Attack} Kh8 25. Rxh7+ Kg8 26. Rbg7+ Kf8 27. Rf7+ Kg8 28. Rfg7+ Kf8 29. h4 {h5 is the strong threat.} Nc5 30. Rf7+ {[%mdl 1024] White has compensation.} Kg8 {White should prevent ...Ne6.} 31. Rfg7+ (31. g4 $5 fxg4 32. Rhg7+ Kh8 33. Rh7+ Kg8 34. Rfg7+ Kf8 35. Rf7+ Kg8 $11) 31... Kf8 32. Rg6 {Strongly threatening h5.} Rd8 33. h5 {aiming for h6.} Rd1+ 34. Kh2 {And now Rh8+ would win.} Rad8 $1 ({Don't blunder} 34... Re8 $2 35. h6 $18) 35. Rh8+ Kf7 36. Rh7+ Kf8 37. Rxc6 Ne4 $2 {[%mdl 8192] [#]} (37... Kg8 $11 38. Rhh6 Ne4) 38. Rcc7 $1 $18 {[%cal Rh7h8]} Nf6 39. Rhf7+ {[%mdl 64] Double Attack} Kg8 40. Rxf6 R1d2 (40... f4 $142 41. Rg6+ Kh8) 41. Rxf5 Rxa2 42. h6 Re8 43. Rff7 {Accuracy: White = 93%, Black = 75%.} 1-0

[Event "Iceland-ch 2020"]
[Site "Gardabaer"]
[Date "2020.08.23"]
[Round "2.1"]
[White "Gretarsson, Hjorvar Steinn"]
[Black "Stefansson, Vignir Vatnar"]
[Result "1-0"]
[WhiteElo "2579"]
[BlackElo "2301"]
[Annotator "ChessBase"]
[PlyCount "89"]
[EventDate "2020.08.22"]
[EventCountry "ISL"]
[SourceTitle "playchess.com"]
[Source "ChessBase"]
[SourceQuality "1"]
[TimeControl "30/5400+30:900+30"]

1. c4 {[%emt 0:00:00]} Nf6 {[%emt 0:00:00]} 2. Nc3 {[%emt 0:00:00]} e6 {[%emt 0:00:00]} 3. Nf3 {[%emt 0:00:00]} d5 {[%emt 0:00:46]} 4. d4 {[%emt 0:00:00]} Be7 {[%emt 0:00:08]} 5. Bf4 {[%emt 0:02:24]} O-O {[%emt 0:00:41]} 6. Rc1 {[%emt 0:01:13]} c5 {[%emt 0:03:29]} 7. dxc5 {[%emt 0:02:44]} dxc4 {[%emt 0:02:18]} 8. e4 {[%emt 0:10:47]} Qxd1+ {[%emt 0:07:58]} 9. Rxd1 {[%emt 0:00:09]} Bxc5 {[%emt 0:00:06]} 10. Bxc4 {[%emt 0:00:40]} Bb4 {[%emt 0:03:24]} 11. Bd6 {[%emt 0:06:49]} Bxc3+ {[%emt 0:02:33]} 12. bxc3 {[%emt 0:00:07]} Rd8 {[%emt 0:00:35]} 13. O-O {[%emt 0:01:39]} Nc6 {[%emt 0:03:22]} 14. Rfe1 {[%emt 0:18:32]} b6 {[%emt 0:00:45]} 15. Ne5 {[%emt 0:12:25]} Nxe5 {[%emt 0:18:11]} 16. Bxe5 {[%emt 0:00:11]} Bb7 {[%emt 0:01:01]} 17. f3 {[%emt 0:01:43]} Rac8 {[%emt 0:00:43]} 18. Bb5 {[%emt 0:05:10]} h6 {[%emt 0:00:58]} 19. a4 {[%emt 0:12:15]} a6 {[%emt 0:04:08]} 20. Rxd8+ {[%emt 0:01:08]} Rxd8 {[%emt 0:02:00]} 21. Bf1 {[%emt 0:01:22]} Nd7 {[%emt 0:02:22]} 22. Bd4 {[%emt 0:03:07]} e5 {[%emt 0:05:06]} 23. Bf2 {[%emt 0:02:49]} Bc6 {[%emt 0:04:46]} 24. Bxa6 {[%emt 0:03:00]} Bxa4 {[%emt 0:00:15]} 25. Rb1 {[%emt 0:02:30]} Nc5 {[%emt 0:06:00]} 26. Bxc5 {[%emt 0:04:24]} bxc5 {[%emt 0:00:12]} 27. Rb7 {[%emt 0:00:45]} Rd1+ {[%emt 0:09:23]} 28. Kf2 {[%emt 0:00:02]} Rd2+ {[%emt 0:03:18]} 29. Kg3 {[%emt 0:00:31]} Bd1 {[%emt 0:01:37]} 30. Bc4 {[%emt 0:04:39]} Be2 {[%emt 0:00:06]} 31. Rb8+ {[%emt 0:15:32]} Kh7 {[%emt 0:15:05]} 32. Bxf7 {[%emt 0:00:08]} g6 {[%emt 0:01:48]} 33. Rb7 {[%emt 0:00:49]} Kh8 {[%emt 0:00:01]} 34. Bxg6 {[%emt 0:01:58]} Bf1 {[%emt 0:00:22]} 35. Kg4 {[%emt 0:00:56]} Bxg2 {[%emt 0:00:24]} 36. h4 {[%emt 0:01:01]} Rd6 {[%emt 0:02:09]} 37. h5 {[%emt 0:00:46]} Rd3 {[%emt 0:00:31]} 38. Kf5 {[%emt 0:00:58]} Rxf3+ {[%emt 0:02:14]} 39. Kxe5 {[%emt 0:00:06]} Rxc3 {[%emt 0:00:28]} 40. Kf6 {[%emt 0:00:00]} Rf3+ {[%emt 0:00:00]} 41. Bf5 {[%emt 0:00:00]} Rg3 {[%emt 0:00:00]} 42. Rh7+ {[%emt 0:00:00]} Kg8 {[%emt 0:00:00]} 43. Rc7 {[%emt 0:00:00]} Kh8 {[%emt 0:00:00]} 44. Rxc5 {[%emt 0:00:00]} Bf3 {[%emt 0:00:00]} 45. Rc3 {[%emt 0:00:00]} 1-0

[Event "Iceland-ch 2020"]
[Site "Gardabaer"]
[Date "2020.08.23"]
[Round "2.2"]
[White "Thorhallsson, Throstur"]
[Black "Kjartansson, Gudmundur"]
[Result "0-1"]
[WhiteElo "2430"]
[BlackElo "2466"]
[Annotator "ChessBase"]
[PlyCount "63"]
[EventDate "2020.08.22"]
[EventCountry "ISL"]
[SourceTitle "playchess.com"]
[Source "ChessBase"]
[SourceQuality "1"]
[TimeControl "30/5400+30:900+30"]

1. e4 {[%emt 0:01:20]} c5 {[%emt 0:00:00]} 2. Nc3 {[%emt 0:01:44]} d6 {[%emt 0:01:15]} 3. d4 {[%emt 0:00:55]} cxd4 {[%emt 0:00:08]} 4. Qxd4 {[%emt 0:00:05]} Nc6 {[%emt 0:00:07]} 5. Qd2 {[%emt 0:00:09]} g6 {[%emt 0:02:21]} 6. b3 {[%emt 0:08:27]} Bh6 {[%emt 0:01:14]} 7. f4 {[%emt 0:02:38]} Nf6 {[%emt 0:00:38]} 8. Bb2 {[%emt 0:04:12]} e5 {[%emt 0:02:10]} 9. g3 {[%emt 0:05:37]} O-O {[%emt 0:00:43]} 10. O-O-O {[%emt 0:02:04]} exf4 {[%emt 0:07:05]} 11. Kb1 {[%emt 0:15:33]} Bg4 {[%emt 0:09:51]} 12. Re1 {[%emt 0:04:59]} Ne5 {[%emt 0:35:29]} 13. gxf4 {[%emt 0:04:55]} Bf3 {[%emt 0:01:21]} 14. Bg2 {[%emt 0:15:19]} Bxf4 {[%emt 0:03:05]} 15. Qf2 {[%emt 0:02:27]} Nfg4 {[%emt 0:09:08]} 16. Qf1 {[%emt 0:00:25]} Ne3 {[%emt 0:01:09]} 17. Rxe3 {[%emt 0:00:12]} Bxg2 {[%emt 0:00:04]} 18. Qxf4 {[%emt 0:01:34]} Bxh1 {[%emt 0:05:38]} 19. Rg3 {[%emt 0:10:47]} f5 {[%emt 0:02:25]} 20. exf5 {[%emt 0:00:11]} Qd7 {[%emt 0:01:38]} 21. f6 {[%emt 0:00:36]} Qe6 {[%emt 0:02:44]} 22. Ne4 {[%emt 0:00:43]} Bxe4 {[%emt 0:00:56]} 23. Qxe4 {[%emt 0:00:03]} Rxf6 {[%emt 0:01:45]} 24. Qxb7 {[%emt 0:00:24]} Rf1+ {[%emt 0:01:07]} 25. Bc1 {[%emt 0:00:02]} Raf8 {[%emt 0:03:07]} 26. Kb2 {[%emt 0:00:25]} Qf6 {[%emt 0:02:16]} 27. Qd5+ {[%emt 0:01:27]} Rf7 {[%emt 0:02:14]} 28. Qd4 {[%emt 0:02:47]} Nc4+ {[%emt 0:01:10]} 29. Kc3 {[%emt 0:00:02]} Qxd4+ {[%emt 0:00:10]} 30. Kxd4 {[%emt 0:00:02]} Rxc1 {[%emt 0:00:18]} 31. Kxc4 {[%emt 0:15:15]} Rxc2+ {[%emt 0:15:10]} 32. Kd5 {[%emt 0:00:07]} 0-1

[Event "Iceland-ch 2020"]
[Site "Gardabaer"]
[Date "2020.08.23"]
[Round "2.3"]
[White "Petursson, Margeir"]
[Black "Ragnarsson, Dagur"]
[Result "0-1"]
[WhiteElo "2475"]
[BlackElo "2396"]
[Annotator "ChessBase"]
[PlyCount "66"]
[EventDate "2020.08.22"]
[EventCountry "ISL"]
[SourceTitle "playchess.com"]
[Source "ChessBase"]
[SourceQuality "1"]
[TimeControl "30/5400+30:900+30"]

1. c4 {[%emt 0:00:00]} e5 {[%emt 0:00:00]} 2. Nc3 {[%emt 0:00:00]} Nf6 {[%emt 0:00:00]} 3. Nf3 {[%emt 0:00:00]} Nc6 {[%emt 0:00:00]} 4. g3 {[%emt 0:00:01]} d5 {[%emt 0:00:00]} 5. cxd5 {[%emt 0:00:09]} Nxd5 {[%emt 0:00:07]} 6. Bg2 {[%emt 0:00:05]} Nb6 {[%emt 0:00:08]} 7. O-O {[%emt 0:01:55]} Be7 {[%emt 0:00:09]} 8. a3 {[%emt 0:01:06]} O-O {[%emt 0:00:56]} 9. b4 {[%emt 0:02:34]} Be6 {[%emt 0:00:18]} 10. d3 {[%emt 0:06:41]} a5 {[%emt 0:06:06]} 11. b5 {[%emt 0:02:17]} Nd4 {[%emt 0:00:04]} 12. Nd2 {[%emt 0:01:27]} Qc8 {[%emt 0:10:13]} 13. e3 {[%emt 0:03:55]} Nf5 {[%emt 0:00:21]} 14. Bb2 {[%emt 0:02:18]} Nd6 {[%emt 0:08:30]} 15. a4 {[%emt 0:08:33]} f5 {[%emt 0:12:07]} 16. Ne2 {[%emt 0:02:04]} Nf7 {[%emt 0:00:24]} 17. e4 {[%emt 0:03:36]} Rd8 {[%emt 0:09:30]} 18. Qc2 {[%emt 0:09:40]} c6 {[%emt 0:08:46]} 19. bxc6 {[%emt 0:17:59]} Qxc6 {[%emt 0:00:14]} 20. Qxc6 {[%emt 0:07:49]} bxc6 {[%emt 0:00:30]} 21. d4 {[%emt 0:05:18]} fxe4 {[%emt 0:08:16]} 22. Rfc1 {[%emt 0:01:58]} Bg4 {[%emt 0:08:06]} 23. Kf1 {[%emt 0:08:49]} e3 {[%emt 0:14:08]} 24. fxe3 {[%emt 0:01:52]} Nd5 {[%emt 0:01:47]} 25. Nc4 {[%emt 0:01:44]} Rf8 {[%emt 0:02:21]} 26. dxe5 {[%emt 0:03:28]} Nxe5+ {[%emt 0:00:30]} 27. Kg1 {[%emt 0:01:20]} Nxc4 {[%emt 0:00:06]} 28. Rxc4 {[%emt 0:00:24]} Bxe2 {[%emt 0:00:06]} 29. Rxc6 {[%emt 0:00:12]} Bf3 {[%emt 0:05:54]} 30. Bd4 {[%emt 0:00:59]} Bxg2 {[%emt 0:00:15]} 31. Kxg2 {[%emt 0:15:05]} Bf6 {[%emt 0:15:30]} 32. Re1 {[%emt 0:01:28]} Rae8 {[%emt 0:01:12]} 33. Bc5 {[%emt 0:02:35]} Rc8 {[%emt 0:03:46]} 0-1

[Event "Iceland-ch 2020"]
[Site "Gardabaer"]
[Date "2020.08.23"]
[Round "2.4"]
[White "Gretarsson, Helgi Ass"]
[Black "Thorfinnsson, Bjorn"]
[Result "1-0"]
[WhiteElo "2401"]
[BlackElo "2387"]
[Annotator "TA"]
[PlyCount "99"]
[EventDate "2020.08.22"]
[EventCountry "ISL"]
[SourceTitle "playchess.com"]
[Source "ChessBase"]
[SourceQuality "1"]

{[%evp 9,99,30,27,20,40,41,75,38,72,24,35,7,40,20,47,31,30,34,47,47,52,47,47,47,47,47,63,23,38,39,37,10,11,16,0,0,52,35,40,42,66,30,41,40,41,41,39,21,18,0,0,0,62,56,48,62,61,66,55,48,139,132,135,132,177,180,166,37,208,213,204,22,16,14,14,13,15,8,88,88,89,89,97,83,193,177,29985,29986,29986,1020,866,706]} 1. d4 Nf6 2. c4 b6 3. f3 d6 4. e4 e5 5. d5 Be7 6. Be3 {A50: Queen's Fianchetto Defence (1 d4 Nf6 2 c4 b6).} Nh5 7. Nc3 {[#]} g6 $146 ({Predecessor:} 7... Nd7 8. Nge2 Bg5 9. Bf2 Nf4 10. h4 Nxe2 11. Qxe2 Be7 12. g3 a5 13. Bh3 Nc5 14. Bxc8 Qxc8 15. Bxc5 bxc5 {½-½ (72) Karthik,K (2230)-Ojas,K (2282) Zadar 2018}) 8. g3 {White is better.} Nd7 9. Bd3 Bg5 10. Bf2 O-O 11. Bc2 Qe8 12. h4 Bh6 13. Nh3 a6 14. g4 Nf4 15. Nxf4 exf4 16. Ba4 Qe7 17. Bxd7 Bxd7 18. Bd4 f5 19. g5 Bg7 20. Bxg7 Qxg7 21. Qd2 b5 22. a3 bxc4 (22... Rab8 $11) 23. O-O-O $1 $14 Rab8 24. Qd4 Rb3 25. Qxg7+ (25. Rhe1 {feels hotter.} Rfb8 26. Re2 Qxd4 27. Rxd4 Re8 28. Rc2) 25... Kxg7 26. Rd4 fxe4 27. Rxe4 c6 28. Rxc4 cxd5 29. Rc7 Rf7 30. Rd1 Be6 ({Black should try} 30... Bf5 $1 $11 31. Rxf7+ Kxf7) 31. Rxf7+ $1 Kxf7 {[%mdl 4096] Endgame KRB-KRN} 32. Rd4 Bf5 33. Rxf4 Ke6 34. Rd4 Rb6 (34... Bh3 $1 $14) 35. Rxd5 $16 (35. Nxd5 $6 Ke5 $14) 35... Rc6 36. Kd2 Rc4 37. Ra5 Rxh4 38. b4 ({White should play} 38. Rxa6 $18 Rh5 39. Ra7) 38... Rh5 $2 {[#]} (38... Rd4+ $14 39. Ke2 Rc4) 39. Rxa6 $18 Rxg5 40. Nb5 $2 (40. b5 $18) 40... h5 $11 41. Nxd6 Rg2+ 42. Ke3 h4 43. Ne4+ Kd5 (43... Kf7 $11 {remains equal.}) 44. Rd6+ $16 Kc4 {[#]} 45. Rd4+ $1 Kb3 46. b5 {[%cal Bb4b5,Bb5b6,Bb6b7][%mdl 32] aiming for b6.} h3 (46... Bxe4 $16 47. fxe4 (47. Rxe4 h3 $11) 47... Kxa3) 47. b6 {Threatening mate with b7.} Kxa3 $2 (47... Bxe4 $18 48. fxe4 Rg3+ 49. Kf4 h2) 48. b7 Rb2 49. Nc5 (49. Rd3+ $142 Ka4 50. Nc5+ Ka5 51. Rb3 Rxb3+ 52. Nxb3+ Kb6 53. b8=Q+ Kc6 54. Nd4+ Kd7 55. Qh8) 49... Rb5 50. Rh4 {Accuracy: White = 71%, Black = 54%.} 1-0